Practical Guide for House Construction/ (Record no. 193226)

MARC details
000 -LEADER
fixed length control field 00523nam a22001817a 4500
005 - DATE AND TIME OF LATEST TRANSACTION
control field 20230920171633.0
010 ## - LCCN (DPL NO)
LC control number ENG-135417
020 ## - INTERNATIONAL STANDARD BOOK NUMBER
International Standard Book Number 9788180142321
Terms of availability 200.00
035 ## - SYSTEM CONTROL NUMBER
System control number EN-118949
037 ## - SOURCE OF ACQUISITION
Source of stock number/acquisition DBAD/PUB
082 ## - DEWEY DECIMAL CLASSIFICATION NUMBER
Classification number 690.887
100 ## - MAIN ENTRY--PERSONAL NAME
Personal name Yadav, G.C.
245 ## - TITLE STATEMENT
Title Practical Guide for House Construction/
Statement of responsibility, etc By G.C. Yadav
260 ## - PUBLICATION, DISTRIBUTION, ETC. (IMPRINT)
Place of publication, distribution, etc Delhi
Name of publisher, distributor, etc Standard Publishers
Date of publication, distribution, etc 2016
270 ## - ADDRESS
Address 1705-B, Nai Sarak
City Delhi
Postal code 110006
300 ## - PHYSICAL DESCRIPTION
Extent 280p.
Dimensions 24cm(pbk)
942 ## - ADDED ENTRY ELEMENTS (KOHA)
Source of classification or shelving scheme Dewey Decimal Classification
Item type English Books
Call number suffix YAD
Classification part 690.837
Holdings
Withdrawn status Lost status Not for loan Collection code Home library Current library Date acquired Source of acquisition Cost, normal purchase price Full call number Barcode Copy number Cost, replacement price Koha item type
      Non-fiction D.B.Act.Division Mobile Library 18/10/2022 DBAD/PUB 200.00 690.837 YAD EN-118949 1 200.00 English Books

© Delhi Public Library
Hit Counter
free hit counter